01329nam a2200325Ia 4500001001200000003000800012006001900020007001500039008004100054010001700095020002800112020001800140040002100158035002100179050002700200082001600227100002100243245011300264260004900377300001600426504006400442533015200506650003900658650003800697650007900735655002900814710001700843856012600860999001700986ebr10278656CaPaEBRm u cr cn|||||||||970528s2000 nyu sb 001 0 eng d z 97024740  z0195119436 (alk. paper) z9780195119435 aCaPaEBRcCaPaEBR a(OCoLC)25259897114aBX8129.B65bR83 2000eb04a289.7/32211 aRubin, Julius H.14aThe other side of joyh[electronic resource] :breligious melancholy among the Bruderhof /cJulius H. Rubin. aNew York :bOxford University Press,cc2000. axii, 264 p. aIncludes bibliographical references (p. 237-252) and index. aElectronic reproduction.bPalo Alto, Calif. :cebrary,d2009.nAvailable via World Wide Web.nAccess may be limited to ebrary affiliated libraries. 0aBruderhof CommunitiesxMembership. 0aDepression, MentalxEpidemiology. 0aDepression, MentalxReligious aspectsxChristianityxHistory of doctrines. 7aElectronic books.2local2 aebrary, Inc.40uhttp://site.ebrary.com/lib/rucke/Doc?id=10278656zAn electronic book accessible through the World Wide Web; click to view c19176d19176